The 3rd thing you need to know: Clothes Quiz Stats

 Plays Quiz not verified by Sporcle

Score 0/20 Timer 04:00
1 Play Today
% Correct
Wedding dress
87.9%
Glove
87.5%
Flip-flops
84.2%
Pocket watch
83.3%
Bow tie
82.8%
Boxer briefs
82.2%
Parka
81.8%
Sweatpants
81.2%
Jumpsuit
80.8%
Sneakers
75.7%
% Correct
Beret
68.9%
Cardigan
64.9%
Pantsuit
62.9%
Leggings
61.8%
Cape
59.5%
Stocking
56.5%
Cummerbund
56%
Bra
51.5%
Scarf
38.7%
Cufflink
37.7%

You're not logged in!

Compare scores with friends on all Sporcle quizzes.
OR
Log In

Show Comments

Extras

Top Quizzes Today


Score Distribution

Your Account Isn't Verified!

In order to create a playlist on Sporcle, you need to verify the email address you used during registration. Go to your Sporcle Settings to finish the process.

Report this User

Report this user for behavior that violates our Community Guidelines.

Details: